000 00717cam a22002533a 4500
001 23908
003 PGUSA
005 20140828083517.0
008 071219s2007||||xxu|||||s|||||000 1 eng d
040 _aPGUSA
_beng
042 _adc
050 4 _aPL
100 1 _aLi, Xiuxing, jin shi 1715
245 1 0 _a夢中緣
_h[electronic resource] /
_cXiuxing, jin shi 1715 Li
260 _bProject Gutenberg,
_c2007
506 _aPublic domain in the USA.
516 _aElectronic text
653 _aLove stories, Chinese
653 _aChinese fiction -- Ming dynasty, 1368-1644
740 0 _aMeng Zhong Yuan
830 0 _aProject Gutenberg
_v23908
856 4 0 _uhttp://www.gutenberg.org/ebooks/23908
942 _cEB
999 _c253163
_d253163